000 02862nam a22004697a 4500
999 _c6592
_d6592
003 OSt
005 20260310120101.0
008 190228c xxut||p| |||| 00| 0 spa d
020 _a9789873048555
040 _cPJ
245 1 0 _aRevista de derecho privado y comunitario :
_bdiez años de vigencia del Código Civil y Comercial de la Nación. Persona y Derecho de las Familias - II /
_cHéctor Alegría, Jorge Mosset Iturraspe directores.
260 _aSanta Fé :
_bRubinzal-Culzoni,
_c2025.
300 _a783 p.
_c22 cm.
310 _acuatrimestral
362 _aNo. 2 (2025)
505 _tIrrupción en el código civil y comercial de la filiación por técnicas de reproducción humana asistida /
_rMarisa Herrera.
505 _tMaternidad por subrogación. ¿qué hacer con ella? /
_rJulio César Rivera.
505 _tPosesión de estado y socioafectividad en las relaciones de familia /
_rRicardo J. Dutto.
505 _tAdopción y proceso /
_r Federico Pablo Notrica.
505 _tDeber alimentario en el matrimonio y en las uniones convivenciales - confluencias y divergencias entre autonomía y asistencia /
_r Mariel F. Molina de Juan.
505 _tLa subrogación real en el régimen patrimonial de comunidad y en las adquisiciones patrimoniales de la unión convivencial /
_rMaría Victoria Pellegrini.
505 _tRecompensas en el régimen matrimonial de bienes /
_rOlga Orlandi.
505 _tLa atribución preferencial en la partición de la comunidad conyugal /
_rGabriel Eugenio Tavip.
505 _tLa separación de hecho en el código civil y comercial /
_r Nadia Anahí Tordi.
505 _tParte general /
_r Julio César Rivera Colaborador: Diego M. Fissore.
505 _tObligaciones /
_rAlberto J. Bueres Colaborador: Carlos Reyna.
505 _tContratos /
_r: Ricardo Luis Lorenzetti y Gonzalo Sozzo Colaborador: Mariano L. Churruarin.
505 _tDerechos reales /
_rLeopoldo L. Peralta Mariscal Colaboradora: Mariana Rey.
505 _tFamilias /
_rAída Kemelmajer Colaboradora: María Angélica Correa.
505 _tSucesiones /
_rGraciela Medina Colaboradora: Andrea Inés Podestá.
505 _tConcursos /
_rJosé A. Di Tullio Colaborador: Eduardo Néstor Chiavassa.
505 _tSeguros /
_rHoracio Roitman Colaborador:José A.Di Tullio.
505 _tSociedades /
_rHéctor Alegria Colaborador: Nicolás J. Di Lella.
505 _tDerecho cambiario /
_r: Iván G. Di Chiazza Colaborador: José Ignacio Pastore.
505 _tDerechos humanos /
_rGraciela Medina Colaboradora: Gabriela Yuba.
650 0 _91497
_aCODIGO CIVIL Y COMERCIAL
650 0 _9967
_aDERECHO DE FAMILIA
650 0 _92741
_aDERECHOS DE LAS NIÑAS, NIÑOS Y ADOLESCENTES
700 _91076
_aAlegria, Héctor
_edirector
700 _9528
_aMosset Iturraspe, Jorge
_edirector
942 _2udc
_cPP
_h347.1(05)
_iREV